Statistics for 12 Θεοί του Ολύμπου

Click here to take the quiz!

General Stats

  • This quiz has been taken 1 101 times
  • The average score is 9 of 12

Answer Stats

Θεοί% Correct
Δίας
99%
Ήρα
90%
Αθηνά
85%
Άρης
82%
Ερμής
82%
Αφροδίτη
81%
Ποσειδώνας
77%
Ήφαιστος
72%
Απόλλων
65%
Άρτεμις
61%
Δήμητρα
60%
Εστία
52%

Score Distribution

Percentile by Number Answered

Percent of People with Each Score

Your Score History

You have not taken this quiz